[Event "Team Championship (men rapid)"]
[Site "Sochi"]
[Date "2017.10.03"]
[Round "3.32"]
[White "Kamrukov, Alexey"]
[Black "Barskij, Vladimir"]
[Result "1/2-1/2"]
[WhiteElo "2117"]
[BlackElo "2387"]
[PlyCount "110"]
[EventDate "2017.??.??"]
[TimeControl "1200+370"]
[WhiteClock "0:00:16"]
[BlackClock "0:00:17"]

1. d4 Nf6 2. c4 e6 3. Nf3 d5 4. Nc3 Be7 5. e3 O-O 6. Bd3 dxc4 7. Bxc4 a6 8. O-O
b5 9. Bd3 Bb7 10. Qe2 c5 11. a3 Nbd7 12. Rd1 Qb6 13. Bc2 Rfd8 14. dxc5 Nxc5 15.
Rxd8+ Rxd8 16. e4 Ncxe4 17. Nxe4 Bxe4 18. Bxe4 Nxe4 19. Qxe4 Rd1+ 20. Ne1 Qc6
21. Qe3 Bf6 22. g3 Bd4 (22... g6) 23. Qe2 Rxc1 24. Rxc1 Qxc1 25. Qe4 g6 26.
Qxd4 Qxe1+ 27. Kg2 h5 28. h4 Qe2 29. Qd8+ Kh7 30. Qa8 Qxb2 31. Qxa6 Qb3 32. Qa7
Qd5+ 33. Kh2 Qf5 34. Qe3 Kg8 35. Qa7 Qd5 36. Qe3 Kg7 37. Qa7 e5 38. Qa6 Qc4 39.
Kg2 Qe4+ 40. Kh2 Qe2 41. Kg2 e4 42. Qa7 Qf3+ 43. Kg1 Qd1+ 44. Kg2 Qd5 45. Qe3
Kf6 46. Qb6+ Ke5 47. Kh2 Qc4 48. Kg2 Kf5 49. Qe3 Kf6 50. Qb6+ Kg7 51. Qa7 Qd3
52. Qc5 Qf3+ 53. Kg1 e3 54. Qe5+ Kf8 55. fxe3 Qd1+ 1/2-1/2

[Event "Team Championship (men rapid)"]
[Site "Sochi"]
[Date "2017.10.03"]
[Round "4.2"]
[White "Andreikin, Dmitry"]
[Black "Khismatullin, Denis"]
[Result "0-1"]
[LiveChessVersion "1.4.8"]
[BlackElo "2600"]
[WhiteElo "2742"]

1. d4 {[%clk 0:15:17]} Nf6 {[%clk 0:15:11]} 2. Bg5 {[%clk 0:15:25]} e6
{[%clk 0:15:09]} 3. e3 {[%clk 0:15:29]} d6 {[%clk 0:14:51]} 4. Nd2
{[%clk 0:15:33]} Nbd7 {[%clk 0:15:00]} 5. Bd3 {[%clk 0:15:31]} b6
{[%clk 0:14:52]} 6. f4 {[%clk 0:15:00]} Bb7 {[%clk 0:14:50]} 7. Ngf3
{[%clk 0:15:08]} Be7 {[%clk 0:14:52]} 8. Qe2 {[%clk 0:14:44]} h6 {[%clk 0:12:09]}
9. Bxf6 {[%clk 0:14:07]} Bxf6 {[%clk 0:11:59]} 10. c3 {[%clk 0:14:03]} a6
{[%clk 0:11:34]} 11. O-O-O {[%clk 0:12:15]} c5 {[%clk 0:09:38]} 12. f5
{[%clk 0:12:23]} Qe7 {[%clk 0:08:37]} 13. g4 {[%clk 0:12:32]} exf5
{[%clk 0:08:33]} 14. Bxf5 {[%clk 0:12:34]} O-O-O {[%clk 0:07:50]} 15. Rhe1
{[%clk 0:11:08]} Kb8 {[%clk 0:07:28]} 16. Qf2 {[%clk 0:11:16]} g6
{[%clk 0:06:39]} 17. Bd3 {[%clk 0:11:18]} Bg7 {[%clk 0:06:06]} 18. Qg3
{[%clk 0:11:09]} Ka7 {[%clk 0:05:59]} 19. Kb1 {[%clk 0:11:15]} Rhe8
{[%clk 0:05:58]} 20. Ka1 {[%clk 0:10:44]} Nf8 {[%clk 0:05:43]} 21. h4
{[%clk 0:10:29]} Ne6 {[%clk 0:05:23]} 22. a3 {[%clk 0:10:37]} Qc7
{[%clk 0:05:15]} 23. h5 {[%clk 0:10:21]} g5 {[%clk 0:05:10]} 24. Qf2
{[%clk 0:10:03]} b5 {[%clk 0:05:01]} 25. Rc1 {[%clk 0:09:28]} Qb6
{[%clk 0:04:47]} 26. Ng1 {[%clk 0:08:28]} Re7 {[%clk 0:04:07]} 27. Ne2
{[%clk 0:08:32]} Rc8 {[%clk 0:04:06]} 28. Ng3 {[%clk 0:07:04]} Rec7
{[%clk 0:04:10]} 29. Nf5 {[%clk 0:07:02]} cxd4 {[%clk 0:03:33]} 30. Nxg7
{[%clk 0:07:10]} dxc3 {[%clk 0:03:08]} 31. Nxe6 {[%clk 0:07:07]} cxd2
{[%clk 0:03:03]} 32. Nxc7 {[%clk 0:07:00]} dxe1=Q {[%clk 0:02:37]} 33. Rxe1
{[%clk 0:06:56]} Rxc7 {[%clk 0:02:44]} 34. Qf6 {[%clk 0:07:03]} b4
{[%clk 0:02:49]} 35. axb4 {[%clk 0:05:53]} Qxb4 {[%clk 0:02:44]} 36. Qd4+
{[%clk 0:05:48]} Qxd4 {[%clk 0:02:40]} 37. exd4 {[%clk 0:05:56]} Bc8
{[%clk 0:02:45]} 38. Rf1 {[%clk 0:05:16]} Bxg4 {[%clk 0:02:45]} 39. Rf6
{[%clk 0:05:25]} Rc1+ {[%clk 0:02:32]} 40. Ka2 {[%clk 0:05:32]} Be6+
{[%clk 0:02:28]} 41. b3 {[%clk 0:05:39]} g4 {[%clk 0:02:18]} 42. d5
{[%clk 0:03:55]} Bxd5 {[%clk 0:02:17]} 43. Rxd6 {[%clk 0:04:03]} g3
{[%clk 0:02:08]} 44. Rd7+ {[%clk 0:03:17]} Kb6 {[%clk 0:02:12]} 45. Rxd5
{[%clk 0:03:25]} g2 {[%clk 0:02:17]} 46. Rd6+ {[%clk 0:03:34]} Kc7
{[%clk 0:02:21]} 0-1

[Event "Team Championship (men rapid)"]
[Site "Sochi"]
[Date "2017.10.03"]
[Round "4.3"]
[White "Pridorozhni, Aleksei"]
[Black "Rublevsky, Sergei"]
[Result "0-1"]
[LiveChessVersion "1.4.8"]
[BlackElo "2646"]
[WhiteElo "2653"]

1. c4 {[%clk 0:15:19]} Nf6 {[%clk 0:15:01]} 2. Nc3 {[%clk 0:15:26]} e5
{[%clk 0:15:09]} 3. g3 {[%clk 0:15:34]} Bb4 {[%clk 0:15:13]} 4. Bg2
{[%clk 0:15:41]} O-O {[%clk 0:15:20]} 5. Qc2 {[%clk 0:15:27]} Re8
{[%clk 0:14:41]} 6. a3 {[%clk 0:14:37]} Bxc3 {[%clk 0:14:16]} 7. Qxc3
{[%clk 0:14:46]} d5 {[%clk 0:13:29]} 8. d3 {[%clk 0:14:49]} Nc6 {[%clk 0:12:45]}
9. Bg5 {[%clk 0:13:18]} d4 {[%clk 0:11:18]} 10. Qc2 {[%clk 0:12:56]} Bf5
{[%clk 0:11:18]} 11. Bxc6 {[%clk 0:12:34]} bxc6 {[%clk 0:11:26]} 12. f3
{[%clk 0:12:42]} h6 {[%clk 0:11:24]} 13. Bd2 {[%clk 0:11:30]} e4 {[%clk 0:11:11]}
14. O-O-O {[%clk 0:08:40]} e3 {[%clk 0:10:05]} 15. Be1 {[%clk 0:07:50]} c5
{[%clk 0:10:14]} 16. h4 {[%clk 0:05:56]} Rb8 {[%clk 0:10:16]} 17. Kb1
{[%clk 0:05:27]} Bd7 {[%clk 0:10:10]} 18. Ka2 {[%clk 0:04:56]} Re6
{[%clk 0:10:15]} 19. Nh3 {[%clk 0:04:31]} Qe8 {[%clk 0:10:03]} 20. b3
{[%clk 0:03:46]} Reb6 {[%clk 0:09:58]} 21. Rc1 {[%clk 0:03:46]} Qc8
{[%clk 0:09:16]} 22. Nf4 {[%clk 0:00:23]} Qb7 {[%clk 0:09:26]} 23. Rb1
{[%clk 0:00:16]} Ba4 {[%clk 0:09:19]} 24. Bb4 {[%clk 0:00:19]} cxb4
{[%clk 0:07:44]} 25. c5 {[%clk 0:00:27]} Qc6 {[%clk 0:05:48]} 26. Qc4
{[%clk 0:00:28]} Bb5 {[%clk 0:04:35]} 27. Qxb4 {[%clk 0:00:36]} R6b7
{[%clk 0:04:41]} 28. Qxd4 {[%clk 0:00:44]} Qe8 {[%clk 0:04:27]} 29. g4
{[%clk 0:00:25]} Rd8 {[%clk 0:04:32]} 30. Qc3 {[%clk 0:00:31]} Nd5
{[%clk 0:04:33]} 31. Nxd5 {[%clk 0:00:37]} Rxd5 {[%clk 0:04:42]} 32. a4
{[%clk 0:00:36]} Bc6 {[%clk 0:04:34]} 33. Ka3 {[%clk 0:00:44]} Qd7
{[%clk 0:04:31]} 34. Rhc1 {[%clk 0:00:42]} Rd4 {[%clk 0:04:27]} 35. Qa5
{[%clk 0:00:50]} Qe7 {[%clk 0:02:51]} 36. Rb2 {[%clk 0:00:50]} Bd5
{[%clk 0:02:41]} 37. Qc3 {[%clk 0:00:18]} Rf4 {[%clk 0:02:48]} 38. d4
{[%clk 0:00:21]} c6 {[%clk 0:02:42]} 39. b4 {[%clk 0:00:22]} a6 {[%clk 0:02:45]}
40. Qd3 {[%clk 0:00:29]} Rb8 {[%clk 0:02:48]} 41. Rc3 {[%clk 0:00:34]} Re8
{[%clk 0:02:57]} 42. Rb1 {[%clk 0:00:34]} Qxh4 {[%clk 0:03:00]} 43. Rd1
{[%clk 0:00:37]} Bxf3 {[%clk 0:02:51]} 44. Qxa6 {[%clk 0:00:26]} Bd5
{[%clk 0:02:44]} 45. Qd3 {[%clk 0:00:21]} Qxg4 {[%clk 0:02:45]} 46. b5
{[%clk 0:00:24]} cxb5 {[%clk 0:02:53]} 47. axb5 {[%clk 0:00:33]} Ree4
{[%clk 0:01:56]} 48. Qc2 {[%clk 0:00:41]} Rxd4 {[%clk 0:01:55]} 49. Rxd4
{[%clk 0:00:50]} Rxd4 {[%clk 0:02:04]} 50. c6 {[%clk 0:00:59]} Rd2
{[%clk 0:01:45]} 51. Qb1 {[%clk 0:00:42]} Qd4 {[%clk 0:01:52]} 52. Rb3
{[%clk 0:00:40]} Qa7+ {[%clk 0:01:07]} 53. Kb4 {[%clk 0:00:49]} Rd4+
{[%clk 0:01:16]} 0-1

[Event "Team Championship (men rapid)"]
[Site "Sochi"]
[Date "2017.10.03"]
[Round "4.4"]
[White "Shirov, Alexei"]
[Black "Iljiushenok, Ilia"]
[Result "0-1"]
[LiveChessVersion "1.4.8"]
[BlackElo "2594"]
[WhiteElo "2667"]

1. e4 {[%clk 0:15:19]} c5 {[%clk 0:15:19]} 2. Nf3 {[%clk 0:15:27]} e6
{[%clk 0:15:27]} 3. d4 {[%clk 0:15:36]} cxd4 {[%clk 0:15:36]} 4. Nxd4
{[%clk 0:15:45]} Nc6 {[%clk 0:15:41]} 5. Nc3 {[%clk 0:15:53]} Qc7
{[%clk 0:15:49]} 6. Be3 {[%clk 0:16:02]} a6 {[%clk 0:15:57]} 7. Qf3
{[%clk 0:16:10]} Nf6 {[%clk 0:15:29]} 8. O-O-O {[%clk 0:16:04]} Be7
{[%clk 0:15:18]} 9. g4 {[%clk 0:12:17]} Ne5 {[%clk 0:13:46]} 10. Qg3
{[%clk 0:12:26]} Nfxg4 {[%clk 0:13:55]} 11. Bf4 {[%clk 0:12:35]} g5
{[%clk 0:14:01]} 12. Bd2 {[%clk 0:12:41]} Rg8 {[%clk 0:08:07]} 13. h4
{[%clk 0:10:05]} gxh4 {[%clk 0:07:51]} 14. Rxh4 {[%clk 0:10:14]} Bxh4
{[%clk 0:06:15]} 15. Qxh4 {[%clk 0:10:22]} Qd8 {[%clk 0:04:06]} 16. Qxh7
{[%clk 0:10:24]} Nf6 {[%clk 0:04:14]} 17. Qh2 {[%clk 0:10:31]} d6
{[%clk 0:03:44]} 18. Be2 {[%clk 0:10:06]} Bd7 {[%clk 0:03:26]} 19. f4
{[%clk 0:08:21]} Nc6 {[%clk 0:03:35]} 20. Be3 {[%clk 0:08:10]} Qe7
{[%clk 0:02:30]} 21. e5 {[%clk 0:07:08]} dxe5 {[%clk 0:02:06]} 22. fxe5
{[%clk 0:06:44]} Ng4 {[%clk 0:02:15]} 23. Nxc6 {[%clk 0:01:07]} Bxc6
{[%clk 0:01:55]} 24. Qh7 {[%clk 0:01:09]} Qf8 {[%clk 0:01:49]} 25. Bf4
{[%clk 0:00:52]} Rh8 {[%clk 0:01:42]} 26. Qd3 {[%clk 0:00:29]} Nf2
{[%clk 0:01:51]} 27. Qe3 {[%clk 0:00:35]} Nxd1 {[%clk 0:01:58]} 28. Bxd1
{[%clk 0:00:41]} Rd8 {[%clk 0:01:36]} 29. Bg5 {[%clk 0:00:46]} Qb4
{[%clk 0:01:34]} 30. Bxd8 {[%clk 0:00:50]} Kxd8 {[%clk 0:01:43]} 31. a3
{[%clk 0:00:56]} Qe7 {[%clk 0:01:49]} 32. b4 {[%clk 0:00:59]} Rg8
{[%clk 0:01:55]} 33. Kb2 {[%clk 0:01:07]} Kc8 {[%clk 0:01:56]} 34. Be2
{[%clk 0:01:10]} Rd8 {[%clk 0:01:54]} 35. Bc4 {[%clk 0:01:09]} Qh4
{[%clk 0:02:00]} 36. Kb3 {[%clk 0:00:51]} Qd4 {[%clk 0:02:09]} 37. Qg5
{[%clk 0:00:58]} b5 {[%clk 0:02:06]} 38. Bd3 {[%clk 0:01:07]} Bd5+
{[%clk 0:02:14]} 39. Nxd5 {[%clk 0:01:15]} Qxd5+ {[%clk 0:02:20]} 40. Kb2
{[%clk 0:01:22]} Qd4+ {[%clk 0:02:19]} 41. Kb3 {[%clk 0:01:28]} Rd7
{[%clk 0:02:26]} 42. a4 {[%clk 0:01:00]} Rc7 {[%clk 0:01:43]} 43. axb5
{[%clk 0:00:33]} axb5 {[%clk 0:01:52]} 44. Qg8+ {[%clk 0:00:23]} Kb7
{[%clk 0:02:01]} 45. Qf8 {[%clk 0:00:23]} Qxe5 {[%clk 0:01:50]} 46. Ka2
{[%clk 0:00:17]} Qd5+ {[%clk 0:01:58]} 47. Kb2 {[%clk 0:00:24]} Qd4+
{[%clk 0:02:07]} 48. Kb3 {[%clk 0:00:24]} Qd5+ {[%clk 0:01:43]} 49. Kb2
{[%clk 0:00:32]} e5 {[%clk 0:01:51]} 50. Qe8 {[%clk 0:00:16]} Qd4+
{[%clk 0:01:53]} 51. Ka2 {[%clk 0:00:25]} Qd5+ {[%clk 0:01:44]} 52. Kb2
{[%clk 0:00:33]} Kb6 {[%clk 0:01:40]} 53. Qb8+ {[%clk 0:00:36]} Rb7
{[%clk 0:01:45]} 54. Qe8 {[%clk 0:00:44]} Ka7 {[%clk 0:01:49]} 55. Kb1
{[%clk 0:00:18]} Qd6 {[%clk 0:01:47]} 56. Kc1 {[%clk 0:00:23]} Qxb4
{[%clk 0:01:46]} 57. Qc6 {[%clk 0:00:25]} Qe1+ {[%clk 0:01:46]} 58. Kb2
{[%clk 0:00:34]} Qb4+ {[%clk 0:01:55]} 59. Kc1 {[%clk 0:00:42]} f5
{[%clk 0:01:46]} 60. c3 {[%clk 0:00:33]} Qa3+ {[%clk 0:01:52]} 61. Kc2
{[%clk 0:00:41]} e4 {[%clk 0:02:00]} 62. Bxb5 {[%clk 0:00:43]} Rh7
{[%clk 0:01:44]} 63. Kd2 {[%clk 0:00:33]} Qb2+ {[%clk 0:00:29]} 64. Ke3
{[%clk 0:00:42]} Rh3+ {[%clk 0:00:38]} 65. Kf4 {[%clk 0:00:26]} Qd2+
{[%clk 0:00:47]} 66. Kxf5 {[%clk 0:00:31]} Rh5+ {[%clk 0:00:56]} 67. Kxe4
{[%clk 0:00:35]} Rh4+ {[%clk 0:01:05]} 68. Ke5 {[%clk 0:00:39]} Qg5+
{[%clk 0:01:13]} 0-1

[Event "Team Championship (men rapid)"]
[Site "Sochi"]
[Date "2017.10.03"]
[Round "4.5"]
[White "Fedoseev, Vladimir"]
[Black "Motylev, Alexander"]
[Result "1-0"]
[LiveChessVersion "1.4.8"]
[BlackElo "2655"]
[WhiteElo "2759"]

1. Nf3 {[%clk 0:15:06]} d5 {[%clk 0:15:19]} 2. b3 {[%clk 0:15:16]} Bg4
{[%clk 0:15:19]} 3. Bb2 {[%clk 0:15:21]} Nd7 {[%clk 0:15:24]} 4. g3
{[%clk 0:15:14]} Bxf3 {[%clk 0:15:05]} 5. exf3 {[%clk 0:15:22]} Ngf6
{[%clk 0:15:13]} 6. f4 {[%clk 0:15:14]} e6 {[%clk 0:15:16]} 7. Bg2
{[%clk 0:14:44]} Bd6 {[%clk 0:15:05]} 8. O-O {[%clk 0:14:49]} c6 {[%clk 0:14:26]}
9. d3 {[%clk 0:14:30]} h5 {[%clk 0:14:23]} 10. h4 {[%clk 0:13:34]} Qc7
{[%clk 0:14:29]} 11. Nd2 {[%clk 0:13:40]} O-O-O {[%clk 0:13:54]} 12. Nf3
{[%clk 0:12:49]} e5 {[%clk 0:13:21]} 13. fxe5 {[%clk 0:11:29]} Nxe5
{[%clk 0:13:30]} 14. Nxe5 {[%clk 0:11:37]} Bxe5 {[%clk 0:13:39]} 15. d4
{[%clk 0:11:46]} Bd6 {[%clk 0:13:36]} 16. c4 {[%clk 0:11:55]} Qd7
{[%clk 0:09:14]} 17. Qd2 {[%clk 0:11:10]} Ne4 {[%clk 0:08:14]} 18. Qa5
{[%clk 0:10:51]} b6 {[%clk 0:07:45]} 19. Qa4 {[%clk 0:10:45]} Kb8
{[%clk 0:07:08]} 20. c5 {[%clk 0:09:01]} bxc5 {[%clk 0:06:38]} 21. Bxe4
{[%clk 0:08:43]} dxe4 {[%clk 0:06:20]} 22. dxc5 {[%clk 0:07:56]} Bxc5
{[%clk 0:06:29]} 23. Qxe4 {[%clk 0:06:48]} Rhe8 {[%clk 0:06:06]} 24. Qc4
{[%clk 0:06:42]} Qf5 {[%clk 0:03:37]} 25. Rac1 {[%clk 0:06:02]} Rd5
{[%clk 0:03:44]} 26. b4 {[%clk 0:04:19]} Re4 {[%clk 0:03:23]} 27. Qa6
{[%clk 0:04:28]} Rxb4 {[%clk 0:03:11]} 28. Bxg7 {[%clk 0:03:58]} Rd2
{[%clk 0:01:42]} 29. Rxc5 {[%clk 0:03:01]} Qxc5 {[%clk 0:01:51]} 30. Bh6
{[%clk 0:03:10]} Rxf2 {[%clk 0:00:57]} 31. Rxf2 {[%clk 0:03:19]} Rb1+
{[%clk 0:01:06]} 32. Kg2 {[%clk 0:03:27]} Qd5+ {[%clk 0:01:16]} 33. Rf3
{[%clk 0:03:36]} Rb2+ {[%clk 0:01:25]} 34. Kg1 {[%clk 0:03:45]} Qxf3
{[%clk 0:01:13]} 35. Bf4+ Ka8 36. Qc8+ {[%clk 0:04:02]} 1-0

[Event "Team Championship (men rapid)"]
[Site "Sochi"]
[Date "2017.10.03"]
[Round "4.6"]
[White "Grachev, Boris"]
[Black "Sjugirov, Sanan"]
[Result "1/2-1/2"]
[LiveChessVersion "1.4.8"]
[BlackElo "2765"]
[WhiteElo "2651"]

1. Nf3 {[%clk 0:15:09]} d5 {[%clk 0:15:16]} 2. g3 {[%clk 0:15:12]} Bg4
{[%clk 0:15:22]} 3. Bg2 {[%clk 0:15:20]} Nd7 {[%clk 0:15:29]} 4. h3
{[%clk 0:14:23]} Bh5 {[%clk 0:14:24]} 5. c4 {[%clk 0:14:00]} e6 {[%clk 0:14:25]}
6. d4 {[%clk 0:13:39]} c6 {[%clk 0:13:20]} 7. cxd5 {[%clk 0:13:11]} exd5
{[%clk 0:13:18]} 8. O-O {[%clk 0:12:59]} Bd6 {[%clk 0:13:02]} 9. Nc3
{[%clk 0:12:51]} Ngf6 {[%clk 0:12:51]} 10. Nh4 {[%clk 0:12:20]} Bg6
{[%clk 0:11:20]} 11. Bg5 {[%clk 0:11:52]} Be7 {[%clk 0:09:49]} 12. Nxg6
{[%clk 0:11:28]} hxg6 {[%clk 0:09:57]} 13. Re1 {[%clk 0:10:48]} O-O
{[%clk 0:09:44]} 14. Qc2 {[%clk 0:10:18]} Re8 {[%clk 0:09:48]} 15. Rad1
{[%clk 0:10:20]} Nf8 {[%clk 0:09:22]} 16. e4 {[%clk 0:08:11]} dxe4
{[%clk 0:09:14]} 17. Nxe4 {[%clk 0:07:54]} Nxe4 {[%clk 0:04:57]} 18. Bxe7
{[%clk 0:08:00]} Rxe7 {[%clk 0:05:05]} 19. Rxe4 {[%clk 0:07:34]} Rxe4
{[%clk 0:05:14]} 20. Bxe4 {[%clk 0:07:06]} Qd6 {[%clk 0:04:17]} 21. Bf3
{[%clk 0:05:50]} Nd7 {[%clk 0:03:23]} 22. Qb3 {[%clk 0:05:45]} Nb6
{[%clk 0:03:05]} 23. a4 {[%clk 0:05:37]} Rb8 {[%clk 0:02:45]} 24. a5
{[%clk 0:05:24]} Nd5 {[%clk 0:02:31]} 25. Bxd5 {[%clk 0:05:11]} cxd5
{[%clk 0:02:38]} 26. Re1 {[%clk 0:04:56]} b6 {[%clk 0:02:31]} 27. axb6
{[%clk 0:04:34]} Qxb6 {[%clk 0:01:55]} 28. Qxb6 {[%clk 0:04:40]} Rxb6
{[%clk 0:01:56]} 29. Re8+ {[%clk 0:04:41]} Kh7 {[%clk 0:02:05]} 30. Re7
{[%clk 0:04:50]} f6 {[%clk 0:02:02]} 31. Rxa7 {[%clk 0:04:39]} Rb4
{[%clk 0:02:11]} 32. Kf1 {[%clk 0:04:29]} Rxd4 {[%clk 0:02:17]} 33. Ra1
{[%clk 0:03:49]} Rb4 {[%clk 0:02:22]} 34. Rb1 {[%clk 0:03:55]} Rb3
{[%clk 0:02:24]} 35. Rd1 {[%clk 0:03:13]} 1/2-1/2

[Event "Team Championship (men rapid)"]
[Site "Sochi"]
[Date "2017.10.03"]
[Round "4.7"]
[White "Kovalev, Vladislav"]
[Black "Potkin, Vladimir"]
[Result "0-1"]
[LiveChessVersion "1.4.8"]
[BlackElo "2650"]
[WhiteElo "2615"]

1. e4 {[%clk 0:15:19]} c5 {[%clk 0:15:19]} 2. Be2 {[%clk 0:15:22]} Nc6
{[%clk 0:15:21]} 3. f4 {[%clk 0:15:31]} d5 {[%clk 0:15:03]} 4. d3
{[%clk 0:15:40]} e6 {[%clk 0:15:03]} 5. Nf3 {[%clk 0:15:43]} Nf6 {[%clk 0:15:08]}
6. e5 {[%clk 0:15:48]} Nd7 {[%clk 0:15:06]} 7. O-O {[%clk 0:15:04]} Be7
{[%clk 0:15:15]} 8. c3 {[%clk 0:13:51]} d4 {[%clk 0:14:35]} 9. Nbd2
{[%clk 0:13:31]} O-O {[%clk 0:14:39]} 10. Ne4 {[%clk 0:13:28]} f6
{[%clk 0:11:18]} 11. exf6 {[%clk 0:11:57]} Nxf6 {[%clk 0:11:27]} 12. Nxf6+
{[%clk 0:09:17]} Bxf6 {[%clk 0:11:35]} 13. c4 {[%clk 0:08:55]} e5
{[%clk 0:08:15]} 14. fxe5 {[%clk 0:08:35]} Nxe5 {[%clk 0:07:59]} 15. Nxe5
{[%clk 0:08:19]} Bxe5 {[%clk 0:08:08]} 16. Rxf8+ {[%clk 0:06:26]} Qxf8 17. Bf3
Qd6 {[%clk 0:08:26]} 18. h3 {[%clk 0:06:22]} Bf5 {[%clk 0:06:26]} 19. b4
{[%clk 0:06:21]} cxb4 {[%clk 0:04:32]} 20. a3 {[%clk 0:05:27]} bxa3
{[%clk 0:04:21]} 21. Bxb7 {[%clk 0:03:57]} Re8 {[%clk 0:04:30]} 22. Bxa3
{[%clk 0:03:46]} Qg6 {[%clk 0:04:36]} 23. Qf3 {[%clk 0:03:37]} Bf6
{[%clk 0:01:46]} 24. c5 {[%clk 0:01:19]} Bxd3 {[%clk 0:01:54]} 25. Bd5+
{[%clk 0:01:13]} Kh8 {[%clk 0:02:03]} 26. c6 {[%clk 0:01:22]} Be2
{[%clk 0:02:01]} 27. Qb3 {[%clk 0:00:45]} d3 {[%clk 0:02:09]} 28. Bf7
{[%clk 0:00:46]} Qg3 {[%clk 0:01:31]} 29. Qd5 {[%clk 0:00:16]} Bxa1
{[%clk 0:00:30]} 30. Bxe8 {[%clk 0:00:26]} Be5 {[%clk 0:00:39]} 31. Bb4
{[%clk 0:00:11]} Qe3+ {[%clk 0:00:42]} 32. Kh1 {[%clk 0:00:21]} Qc1+
{[%clk 0:00:50]} 0-1

[Event "Team Championship (men rapid)"]
[Site "Sochi"]
[Date "2017.10.03"]
[Round "4.8"]
[White "Kobalia, Mikhail"]
[Black "Yuffa, Daniil"]
[Result "1-0"]
[LiveChessVersion "1.4.8"]
[BlackElo "2572"]
[WhiteElo "2605"]

1. e4 {[%clk 0:15:17]} c6 {[%clk 0:15:19]} 2. d4 {[%clk 0:15:22]} d5
{[%clk 0:15:28]} 3. e5 {[%clk 0:15:31]} Bf5 {[%clk 0:15:36]} 4. Nd2
{[%clk 0:15:37]} e6 5. Nb3 Nd7 {[%clk 0:15:36]} 6. Nf3 {[%clk 0:15:45]} a6
{[%clk 0:15:16]} 7. Be2 {[%clk 0:15:40]} c5 {[%clk 0:15:01]} 8. O-O
{[%clk 0:15:48]} c4 {[%clk 0:13:55]} 9. Nbd2 {[%clk 0:15:57]} Ne7
{[%clk 0:14:04]} 10. Nh4 {[%clk 0:15:27]} b5 {[%clk 0:12:19]} 11. c3
{[%clk 0:15:33]} h6 {[%clk 0:11:51]} 12. Nxf5 {[%clk 0:15:40]} Nxf5
{[%clk 0:11:59]} 13. Qe1 {[%clk 0:14:47]} b4 {[%clk 0:11:34]} 14. Nf3
{[%clk 0:14:26]} bxc3 {[%clk 0:11:24]} 15. bxc3 {[%clk 0:14:30]} Qa5
{[%clk 0:11:24]} 16. a4 {[%clk 0:14:26]} Rb8 {[%clk 0:11:03]} 17. Bd1
{[%clk 0:14:31]} h5 {[%clk 0:08:45]} 18. Bc2 {[%clk 0:14:31]} g6 {[%clk 0:08:54]}
19. g3 {[%clk 0:14:09]} Be7 {[%clk 0:06:28]} 20. h3 {[%clk 0:14:14]} Rb7
{[%clk 0:06:18]} 21. Kg2 {[%clk 0:14:11]} Nb8 {[%clk 0:06:11]} 22. Bd2
{[%clk 0:10:41]} Nc6 {[%clk 0:06:09]} 23. Rb1 {[%clk 0:10:48]} Rb6
{[%clk 0:05:49]} 24. Rxb6 {[%clk 0:10:44]} Qxb6 {[%clk 0:05:57]} 25. Qa1
{[%clk 0:10:51]} Na5 {[%clk 0:03:36]} 26. Rb1 {[%clk 0:11:00]} Qc7
{[%clk 0:03:20]} 27. Bg5 {[%clk 0:09:54]} Bxg5 {[%clk 0:01:48]} 28. Nxg5
{[%clk 0:10:03]} O-O {[%clk 0:01:37]} 29. Qb2 {[%clk 0:08:37]} Qe7
{[%clk 0:00:37]} 30. h4 {[%clk 0:08:24]} Nh6 {[%clk 0:00:41]} 31. Qb6
{[%clk 0:08:15]} Qd8 {[%clk 0:00:26]} 32. Qxa6 {[%clk 0:08:07]} Nb3
{[%clk 0:00:16]} 33. Bxb3 {[%clk 0:08:10]} cxb3 {[%clk 0:00:25]} 34. Rxb3
{[%clk 0:08:15]} Qc7 {[%clk 0:00:25]} 35. a5 {[%clk 0:07:34]} Ng4
{[%clk 0:00:32]} 36. Qb5 {[%clk 0:07:29]} Ra8 {[%clk 0:00:20]} 37. a6
{[%clk 0:07:36]} Kg7 {[%clk 0:00:23]} 38. Qb7 {[%clk 0:07:41]} Qxb7
{[%clk 0:00:16]} 39. axb7 {[%clk 0:05:30]} Rb8 {[%clk 0:00:25]} 40. Nh3
{[%clk 0:05:28]} Nh6 {[%clk 0:00:18]} 41. Nf4 {[%clk 0:05:36]} Ng8
{[%clk 0:00:27]} 42. Nd3 {[%clk 0:05:45]} 1-0

[Event "Team Championship (men rapid)"]
[Site "Sochi"]
[Date "2017.10.03"]
[Round "4.9"]
[White "Dubov, Daniil"]
[Black "Alekseenko, Kirill"]
[Result "0-1"]
[LiveChessVersion "1.4.8"]
[BlackElo "2583"]
[WhiteElo "2710"]

1. d4 {[%clk 0:12:04]} d5 {[%clk 0:15:16]} 2. c4 {[%clk 0:12:13]} dxc4
{[%clk 0:15:23]} 3. e3 {[%clk 0:12:22]} e5 {[%clk 0:15:25]} 4. Bxc4
{[%clk 0:12:29]} Nc6 {[%clk 0:15:33]} 5. Nf3 {[%clk 0:12:31]} e4 {[%clk 0:15:40]}
6. Nfd2 {[%clk 0:12:30]} Qg5 {[%clk 0:15:48]} 7. g3 {[%clk 0:12:19]} Nf6
{[%clk 0:15:54]} 8. Nc3 {[%clk 0:12:08]} Bb4 {[%clk 0:15:26]} 9. a3
{[%clk 0:11:57]} Bxc3 {[%clk 0:15:27]} 10. bxc3 {[%clk 0:12:06]} O-O
{[%clk 0:15:25]} 11. Bb2 {[%clk 0:12:09]} Bg4 {[%clk 0:13:17]} 12. Be2
{[%clk 0:11:58]} Qf5 {[%clk 0:13:05]} 13. Bxg4 {[%clk 0:10:31]} Nxg4
{[%clk 0:13:13]} 14. Qe2 {[%clk 0:10:37]} Rfe8 {[%clk 0:12:43]} 15. c4
{[%clk 0:10:32]} Rad8 {[%clk 0:12:41]} 16. h3 {[%clk 0:10:26]} Nf6
{[%clk 0:12:47]} 17. Bc3 {[%clk 0:10:33]} b6 {[%clk 0:11:49]} 18. Rb1
{[%clk 0:10:27]} Nb8 {[%clk 0:10:52]} 19. a4 {[%clk 0:09:31]} c5 {[%clk 0:10:38]}
20. d5 {[%clk 0:09:31]} Nbd7 {[%clk 0:10:39]} 21. a5 {[%clk 0:09:34]} Rb8
{[%clk 0:10:24]} 22. Kf1 {[%clk 0:09:15]} bxa5 {[%clk 0:08:51]} 23. Ra1
{[%clk 0:08:34]} Ne5 {[%clk 0:07:04]} 24. Kg2 {[%clk 0:08:28]} Nfd7
{[%clk 0:06:09]} 25. Rxa5 {[%clk 0:08:07]} Rb7 {[%clk 0:06:11]} 26. Rha1
{[%clk 0:07:56]} Ra8 {[%clk 0:06:19]} 27. Ra6 {[%clk 0:05:52]} h5
{[%clk 0:06:23]} 28. R1a5 {[%clk 0:04:49]} f6 {[%clk 0:05:20]} 29. Bxe5
{[%clk 0:02:41]} Nxe5 {[%clk 0:04:40]} 30. Rb5 {[%clk 0:02:50]} Rab8
{[%clk 0:04:19]} 31. Rxa7 {[%clk 0:02:45]} Rxa7 {[%clk 0:04:29]} 32. Rxb8+
{[%clk 0:02:54]} Kh7 {[%clk 0:04:38]} 33. Rb2 {[%clk 0:01:14]} Nd3
{[%clk 0:04:43]} 34. g4 {[%clk 0:01:14]} Qe5 {[%clk 0:04:34]} 35. Rb1
{[%clk 0:01:10]} Ra2 {[%clk 0:04:43]} 36. gxh5 {[%clk 0:01:11]} Qg5+
{[%clk 0:04:27]} 37. Kf1 {[%clk 0:01:13]} Qf5 {[%clk 0:04:09]} 38. Kg2
{[%clk 0:01:16]} Ne5 {[%clk 0:04:18]} 39. Qd1 {[%clk 0:01:02]} Nxc4
{[%clk 0:03:55]} 0-1